فیض احمد فیض : (Record no. 170921)

MARC details
000 -LEADER
fixed length control field 00521nam a22001697a 4500
005 - DATE AND TIME OF LATEST TRANSACTION
control field 20191230162201.0
010 ## - LCCN (DPL NO)
LC control number A-466120
035 ## - SYSTEM CONTROL NUMBER
System control number A-466120
037 ## - SOURCE OF ACQUISITION
Source of stock number/acquisition BPPD/Pub.
082 ## - DEWEY DECIMAL CLASSIFICATION NUMBER
Classification number 841.08
100 ## - MAIN ENTRY--PERSONAL NAME
Personal name اطہر نبی
245 ## - TITLE STATEMENT
Title فیض احمد فیض :
Remainder of title شخص اور شاعر /
Statement of responsibility, etc اطہر نبی
246 ## - VARYING FORM OF TITLE
Title proper/short title Faiz Ahmed Faiz: Shakhs aur Shayr (Urdu) /
Remainder of title by Atthar Nabi
260 ## - PUBLICATION, DISTRIBUTION, ETC. (IMPRINT)
Place of publication, distribution, etc Lucknow
Name of publisher, distributor, etc Faiz Ahmed Faiz
Date of publication, distribution, etc 1988 ء
300 ## - PHYSICAL DESCRIPTION
Extent 264p.
Dimensions 21cm(Hb)
942 ## - ADDED ENTRY ELEMENTS (KOHA)
Source of classification or shelving scheme Dewey Decimal Classification
Item type Urdu Bks
Classification part 841.08
Call number suffix ف ے ض
Holdings
Withdrawn status Lost status Not for loan Collection code Home library Current library Date acquired Source of acquisition Full call number Barcode Copy number Koha item type
      Non-fiction Central Library Central Library 30/12/2019 BPPD/Ven. 841.08 ف ے ض A-466120 1 Urdu Bks

© Delhi Public Library
Hit Counter
free hit counter